Statistics for Counties of Alaska

Click here to take the quiz!

General Stats

  • This quiz has been taken 101 times
  • The average score is 9 of 29

Answer Stats

Answer % Correct
Anchorage County
84%
Juneau County
79%
Southeast Fairbanks County
74%
Fairbanks North Star County
74%
Nome County
61%
Yukon Koyukuk County
45%
Kenai Peninsula County
39%
North Slope County
39%
Ketchikan Gateway County
39%
Denali County
37%
Sitka County
34%
Valdez Cordova County
32%
Lake and Peninsula County
32%
Petersburg County
29%
Kodiak Island County
26%
Bristol Bay County
24%
Wrangell County
18%
Bethel County
18%
Northwest Artic County
16%
Prince of Wales Hyder County
16%
Hoonah Angoon County
13%
Haines County
13%
Yakutat County
13%
Kusilvak County
8%
Matanuska Susitna County
3%
Aleutins East County
3%
Skagwe County
0%
Aleutians West County
0%
Dillangham County
0%

Score Distribution

Percentile by Number Answered

Percent of People with Each Score

Your Score History

You have not taken this quiz